000 01258cam a2200349 i 4500
001 41891
003 Mx-PuUPA
005 20251031113016.0
008 140415s2024 mx gr 000 0 spa d
020 _a9786073841252
040 _aMx-PuUPA
_bspa
_cMx-PuUPA
_dMx-PuUPA
_erda
041 0 _aspa
100 1 _aSigman, Mariano,
_d1972-
_eautor
_917655
245 1 0 _aArtificial :
_bla nueva inteligencia y el contorno de lo humano /
_cMariano Sigman, Santiago Bilinkis
250 _aPrimera edición /
_bfebrero
264 1 _aMéxico, D.F. :
_bPenguin Random House Grupo Editorial,
_c©2024
300 _a227 páginas ;
_c23 cm
336 _2rdacontent
_atexto
_btxt
337 _2rdamedia
_asin medio
_bn
338 _2rdacarrier
_avolumen
_bnc
490 0 _aDebate Ciencia y Tecnología
650 7 _913986
_2armarc
_aInteligencia artificial
650 7 _2armarc
_aTecnología
650 7 _2armarc
_aInteligencia artificial
_xAspectos sociales
650 7 _2armarc
_aTecnología
_xAspectos sociales
700 1 _aBilinkis, Santiago,
_eautor
942 _2ddc
_cLI
_h006.3
_iS57
999 _c41891
_d41891